Nazwij pasujące państwo europejskie #3 - Statystyki

Ogólne statystyki
  • Ten quiz został rozwiązany 738 razy
  • Średni wynik to 11 z 15
Statystyki odpowiedzi
Kryterium Państwo % Poprawnych
Sąsiaduje z Czarnogórą Bośnia i Hercegowina | Chorwacja | Serbia | Albania | Kosowo
99%
Kluby piłkarskie z tych krajów wygrały Ligę Mistrzów przynajmniej 10 razy Wielka Brytania | Włochy | Hiszpania
95%
Ma stolicę położoną nad morzem lub oceanem Islandia | Irlandia | Portugalia | Malta | Estonia | Łotwa | Szwecja | Finlandia | Norwegia | Holandia | Dania | Monako | Grecja
93%
Nie uznaje Kosowa za niepodległe państwo Serbia | Rosja | Hiszpania | Białoruś | Ukraina | Rumunia | Mołdawia | Słowacja | Bośnia i Hercegowina | Grecja
91%
Nazwa stolicy zaczyna się samogłoską Andora | Grecja | Holandia | Norwegia
86%
Posiada terytorium zależne na półkuli południowej Wielka Brytania | Francja | Norwegia
86%
Ma przynajmniej 3 języki urzędowe Bośnia i Hercegowina | Belgia | Luksemburg | Szwajcaria
85%
Przystąpiło do Unii Europejskiej w latach 80' Grecja | Hiszpania | Portugalia
77%
Jego najwyższy szczyt ma mniej niż 300m n.p.m. Litwa | Malta | Monako | Watykan
72%
Zdobyło medal mistrzostw świata w hokeju mężczyzn w XXI wieku Rosja | Czechy | Słowacja | Szwecja | Finlandia | Szwajcaria
71%
Pochodził z niego jeden z sekretarzy generalnych ONZ Wielka Brytania | Szwecja | Austria | Norwegia | Portugalia
71%
Mediana wieku jest niższa niż 40 lat Islandia | Irlandia | Mołdawia | Kosowo | Albania | Macedonia Północna | Norwegia | Luksemburg | Czarnogóra
58%
Sąsiaduje jedynie z krajami nie mającymi dostępu do morza Liechtenstein
48%
Proporcje jego flagi wynoszą 5:8 Polska | Szwecja
48%
Nazwa jego najdłuższej rzeki zaczyna się na literę G Dania | Norwegia
23%
Nie znaleziono quizów pasujących do podanych kryteriów
Rozkład punktacji
Procent ludzi z każdym wynikiem
Percentyl według liczby udzielonych odpowiedzi
Twoja historia wyników
Nie rozwiązałeś tego quizu